MARC

LEADER 00000nam0a2200000 4500
001 33359
005 20231030213802.0
035 |a (RuTPU)RU\TPU\book\33693 
035 |a BOOK00000344 
090 |a 33359 
100 |a 20011210d1986 k y0rusy50 ca 
101 0 |a rus 
102 |a RU 
105 |a a z 001zy 
200 1 |a Повышение надежности конструкций подземных тепловых сетей  |f А. А. Скворцов, И. А. Заверткин 
210 |a Москва  |c Энергоатомиздат  |d 1986 
215 |a 104 с.  |c ил. 
225 1 |a Надежность и качество 
320 |a Библиогр.: с. 102-104 
610 1 |a тепловые сети 
610 1 |a конструкции 
610 1 |a надежность 
610 1 |a теплопроводы 
610 1 |a коррозия 
610 1 |a защита 
675 |a 697.34  |v 3 
700 1 |a Скворцов  |b А. А.  |g Александр Александрович 
701 1 |a Заверткин  |b И. А.  |g Игорь Алексеевич 
801 0 |a RU  |b 63413507  |c 20011210  |g PSBO 
801 2 |a RU  |b 63413507  |c 20161011  |g PSBO 
900 |a Надежность систем теплоэнергоснабжения промпредприятий 
942 |c BK